Statistics for Yuri Lowenthal Filmography

Click here to take the quiz!

General Stats

  • This quiz has been taken 7 times
    (2 since last reset)
  • The average score is 5 of 256

Answer Stats

TypeYearName% Correct
Video Game2018Marvel's Spider-Man
100%
TV Show2017-2020Marvel's Spider-Man
100%
TV Show2017-PresentBen 10
50%
Video Game2008-2013Ben 10 Games
50%
TV Show2012-2014Ben 10: Omniverse
50%
Video Game2020Marvel's Spider-Man: Miles Morales
50%
Video Game2023Spider-Man 2
50%
Video Game2018Super Smash Bros. Ultimate
50%
TV Show2021Abby Hatcher, Fuzzly Catcher
0%
Web Series2008Absolution: The Series
0%
Documentary Series2008Adventures in Voice Acting
0%
TV Show2007Afro Samurai
0%
Video Game2009Afro Samurai
0%
TV Film2009Afro Samurai: Resurrection
0%
Web Series2010A Good Knight's Quest
0%
Theater2012A Kind of Love Story
0%
TV Show2005Alias
0%
Video Game2013Anarchy Reigns
0%
Web Series2021Arcane
0%
Video Game2008Armored Core: For Answer
0%
Video Game2009Assassin's Creed II
0%
TV Show2020A Tale Told by an Idiot
0%
Film2010A Turtle's Tale: Sammy's Adventures
0%
TV Show2013Avengers Assemble
0%
Film2013Axel: The Biggest Little Hero
0%
Film2012Back to the Sea
0%
Web Series2022Barbie: It Takes Two
0%
Video Game2006Baten Kaitos Origins
0%
Film2018Batman: Gotham by Gaslight
0%
TV Show2008-2011Batman: The Brave and the Bold
0%
Film2012Batman: The Dark Knight Returns
0%
Film2015Batman Unlimited: Animal Instincts
0%
Film2015Batman Unlimited: Monster Mayhem
0%
Video Game2010Bayonetta
0%
Video Game2014Bayonetta 2
0%
Film2013Bayonetta: Bloody Fate
0%
TV Show2008-2010Ben 10: Alien Force
0%
TV Show2010-2012Ben 10: Ultimate Alien
0%
TV Film2020Ben 10 Versus the Universe: The Movie
0%
TV Show2014Beware the Batman
0%
Film2018Big Fish & Begonia
0%
Video Game2010BioShock 2
0%
Film2017Birdboy: The Forgotten Children
0%
Audio Series2021Blackout
0%
TV Show2006-2014Bleach
0%
TV Show2008-2010Blue Dragon
0%
TV Show2017-2020Boruto: Naruto Next Generations
0%
TV Show2006Boys Be...
0%
Video Game2006Bratz: Forever Diamondz
0%
Video Game2020Bugsnax
0%
Short FilmTBAButter Emails
0%
Video Game2020Call of Duty: Black Ops Cold War
0%
Video Game2020Call of the Sea
0%
Web Series2016-PresentCamp Camp
0%
Video Game2011Catherine
0%
Video Game2019Catherine: Full Body
0%
Film2020Chasing Fletcher Allen
0%
Video Game2021Citizens Unite!: Earth x Space
0%
TV Show2006Close to Home
0%
TV Show2008-2009Code Geass
0%
TV Show2017Code Geass: Lelouch of the Rebellion
0%
Video Game2021Cookie Run: Kingdom
0%
Video Game2022Cosmonious High
0%
Video Game2020Crash Bandicoot 4: It's About Time
0%
TV Show2011Criminal Minds
0%
TV Show2015DC Super Friends
0%
Video Game2012Dead or Alive 5
0%
Video Game2013Dead or Alive 5 Ultimate
0%
Video Game2011Dead or Alive: Dimensions
0%
TV Show2005DearS
0%
Film2021Delicate State
0%
Video Game2013Devil Summoner: Soul Hackers
0%
Video Game2014Diablo III: Reaper of Souls
0%
Film2015Dino Time
0%
Video Game2013-2015Disney Infinity Games
0%
Video Game2011Dissidia 012 Final Fantasy
0%
Video Game2018Dissidia Final Fantasy NT
0%
Web Series2021-PresentDota: Dragon's Blood
0%
Film2020Dragon Quest: Your Story
0%
TV Show2011Durarara!!
0%
TV Show2015-2016Durarara!!x2
0%
TV Show2007Eyeshield 21
0%
Video Game2015Fallout 4
0%
Video Game2010Fallout: New Vegas
0%
Documentary2011Films of Fury: The Kung Fu Movie Movie
0%
Video Game2020Final Fantasy VII Remake
0%
Video Game2006Final Fantasy XII
0%
Video Game2013Fire Emblem Awakening
0%
Video Game2017Fire Emblem Heroes
0%
TV Show2018FLCL Progressive
0%
Theater2003Frankenstein in Love
0%
Video Game2014-2015Game of Thrones
0%
TV Show2010-2013Generator Rex
0%
Video Game2020Genshin Impact
0%
TV Show2005-2006Gilmore Girls
0%
TV Show2005Girls Bravo
0%
Video Game2011Gods Eater Burst
0%
Video Game2013Grand Theft Auto V
0%
Video Game2007Growlanser: Heritage of War
0%
Video Game2008Guilty Gear 2: Overture
0%
Video Game2014Guilty Gear Xrd
0%
TV Show2008Gurren Lagann
0%
Video Game2006-2007, 2017.hack//G.U. games
0%
TV Show2005Hanaukyo Maid Team
0%
TV Show2006Haré+Guu
0%
TV Show2013Hawaii Five-0
0%
TV Show2007-2012Hellsing Ultimate
0%
Web Series2021-PresentHe-Man and the Masters of the Universe
0%
Video Game2016Hitman
0%
FilmTBAHullabaloo
0%
TV Show2009-2012Huntik: Secrets & Seekers
0%
Film2021Injustice
0%
Video Game2007Jeanne d'Arc
0%
Film2015Justice League: Gods and Monsters
0%
TV Show2006Kamichu!
0%
Video Game2012Karateka
0%
TV Show2005Kyo Kara Maoh!
0%
TV Show2006-2008Legion of Super Heroes
0%
Film2016Lego DC Comics Super Heroes: Justice League - Cosmic Clash
0%
Video Game2018Lego DC Super-Villains
0%
Video Game2015Lego Dimensions
0%
Video Game2021Lost Judgment
0%
TV Film2014Lost Treasure Hunt
0%
Video Game2015Mad Max
0%
Video Game2009MagnaCarta 2
0%
TV Show2004Marmalade Boy
0%
TV Show2020Marvel Future Avengers
0%
Video Game2021Marvel Future Revolution
0%
Video Game2019Marvel Ultimate Alliance 3: The Black Order
0%
Video Game2003Medal of Honor: Rising Sun
0%
Video Game2010Metal Gear Solid: Peace Walker
0%
Video Game2013Metro: Last Light
0%
Video Game2014Middle-earth: Shadow of Mordor
0%
Video Game2016Mighty No. 9
0%
Video Game2017Minecraft: Story Mode
0%
TV Show2010-2014Mobile Suit Gundam Unicorn
0%
Video Game2020Möbius Front '83
0%
TV Show2005-2008Naruto
0%
TV Show2009-2017Naruto: Shippuden
0%
Film2011Naruto Shippuden the Movie: Bonds
0%
Film2007Naruto the Movie: Ninja Clash in the Land of Snow
0%
Video Game2006-PresentNaruto Video Games
0%
Video Game2021NieR Replicant: ver.1.22474487139...
0%
Video Game2010No More Heroes 2: Desperate Struggle
0%
Video Game2007Persona 3
0%
Video Game2008Persona 4
0%
Video Game2012Persona 4: Arena
0%
TV Show2012Persona 4: The Animation
0%
Video Game2014Persona Q: Shadow of the Labyrinth
0%
Short Film2019Phoenix Blue
0%
TV Show2015Pig Goat Banana Cricket
0%
Video Game2022Prince of Persia: Sands of Time Remake
0%
Video Game2020Prince of Persia: The Dagger of Time
0%
Video Game2010Prince of Persia: The Forgotten Sands
0%
Video Game2003Prince of Persia: The Sands of Time
0%
Video Game2005Prince of Persia: The Two Thrones
0%
Film2019Promare
0%
Video Game2021Psychonauts 2
0%
Video Game2005Radiata Stories
0%
TV Show2004-2005Rave Master
0%
Video Game2022Redfall
0%
TV Show2010Regular Show
0%
Video Game2012Resident Evil 6
0%
Video Game2015Resident Evil: Revelations 2
0%
Video Game2011Resistance 3
0%
Short Film2013Riding Shotgun
0%
Film2016Robinson Crusoe
0%
Video Game2007Rogue Galaxy
0%
Web Series2015-2020RWBY
0%
TV Show2016-PresentRWBY Chibi
0%
Video Game2008Saints Row 2
0%
Video Game2015Saints Row: Gat out of Hell
0%
Video Game2013Saints Row IV
0%
Video Game2011Saints Row: The Third
0%
TV Show2005-2006Saiyuki Reload
0%
TV Show2005Scrapped Princess
0%
Video Game2011Shadows of the Damned
0%
TV Show2011-2013Shelf Life
0%
Film2011Silver Case
0%
Video Game2012-2015Skylanders Games
0%
Video Game2013Sly Cooper: Thieves in Time
0%
Theater2015Something Truly Monstrous
0%
TV Show2014-2016Space Racers
0%
Film2022Squirrel
0%
Video Game2008Star Ocean: First Departure
0%
Video Game2016Star Ocean: Integrity and Faithlessness
0%
TV Show2017Star Wars Rebels
0%
Video Game2011Star Wars: The Old Republic
0%
Video Game2006Steamboat Chronicles
0%
Video Game2014Sunset Overdrive
0%
TV Show2004Superior Defender Gundam Force
0%
Web Series2012, 2015TableTop
0%
Video Game2006Tales of the Abyss
0%
Theater2014Taste
0%
TV Show2015Teenage Mutant Ninja Turtles
0%
Short Film2016Teenage Mutant Ninja Turtles in Pizza Friday!
0%
Video Game2013Teenage Mutant Ninja Turtles: Out of the Shadows
0%
TV Film2006Teen Titans: Trouble in Tokyo
0%
TV Show2013-2014Tenkai Knights
0%
Video Game2014Tenkai Knights: Brave Battle
0%
TV Show2009Terminator: The Sarah Connor Chronicles
0%
Film2011The Arcadian
0%
Video Game2013The Bureau: XCOM Declassified
0%
Video Game2014The Evil Within
0%
TV Show2021The Ghost and Molly McGee
0%
Film2015The Last: Naruto the Movie
0%
Video Game2013The Last of Us
0%
Video Game2020The Last of Us: Part II
0%
Film2015The Laws of the Universe Part 0
0%
Video Game2014The Lego Movie Videogame
0%
Video Game2009The Lord of the Rings: Conquest
0%
Video Game2011The Lord of the Rings: War in the North
0%
Video Game2015The Order: 1886
0%
Film2015The Phoenix Incident
0%
Film2008The Pirates Who Don't Do Anything: A VeggieTales Movie
0%
Video Game2015There Came an Echo
0%
Film2013The Seance Hour: Evil Unleashed
0%
Film2014The Swan Princess: A Royal Family Tale
0%
Film2020The Swan Princess: A Royal Wedding
0%
Film2012The Swan Princess Christmas
0%
Film2016The Swan Princess: Princess Tomorrow, Pirate Today
0%
Film2017The Swan Princess: Royally Undercover
0%
Video Game2016The Technomancer
0%
Video Game2013The Wonderful 101
0%
TV Show2011, 2022Tiger & Bunny
0%
Film2014Tiger & Bunny: The Rising
0%
TV Show2013Time of Eve
0%
Video Game2016Titanfall 2
0%
Web Series2015Titansgrave: The Ashes of Valkana
0%
Video Game2008Tom Clancy's EndWar
0%
TV Show2014-2015TOME: Terrain of Magical Expertise
0%
Short Film2014Topsy McGee vs. The Sky Pirates
0%
TV Show2016Transformers: Robots in Disguise
0%
TV Show2014-2016TripTank
0%
Web Series2013-2014Turbo Fast
0%
Video Game2009Uncharted 2: Among Thieves
0%
Video Game2011Uncharted 3: Drake's Deception
0%
Video Game2016Uncharted 4: A Thief's End
0%
Video Game2007Uncharted: Drake's Fortune
0%
Film2010Van Von Hunter
0%
TV Show2019-PresentVictor and Valentino
0%
TV Show1997Viva Variety
0%
TV Show2012Warehouse 13
0%
Video Game2009Watchmen: The End Is Nigh
0%
Theater2010Watson: The Last Great Tale of the Legendary Sherlock Holmes
0%
Web Series2019-2020Where's Waldo?
0%
Video Game2014WildStar
0%
TV Show2012Winx Club
0%
Video Game2018World of Final Fantasy
0%
Video Game2020World of Warcraft: Shadowlands
0%
Video Game2015Xenoblade Chronicles X
0%
Video Game2006Xenosaga Episode III: Also Sprach Zarathustra
0%
Video Game2011X-Men: Destiny
0%
TV Show2015X-Ray and Vav
0%
TV Show2010-2013, 2019-PresentYoung Justice
0%
Video Game2013Young Justice: Legacy
0%

Score Distribution

Percentile by Number Answered

Percent of People with Each Score

Your Score History

You have not taken this quiz since the last reset